| 000 | 00616nam a22001817a 4500 | ||
|---|---|---|---|
| 005 | 20141023112737.0 | ||
| 008 | 141008b xxu||||| |||| 00| 0 eng d | ||
| 020 | _a9780132896573 | ||
| 050 |
_aLC 4031 _b.D484 2013 |
||
| 100 | _aDettmer, Peggy A. | ||
| 245 |
_aCollaboration, Consultation,and teamwork for students with special needs / _cPeggy A. Dettmer, Norma T. Dyck, Linda P. Thurston. |
||
| 250 |
_a7th ed. _bInternational ed. |
||
| 260 |
_aBoston : _bAllyn and Bacon, _cc2013. |
||
| 300 |
_a462 pages : _billustrations ; _c25 cm. |
||
| 650 | _aSpecial needs. | ||
| 650 | _aTeamwork. | ||
| 942 |
_2lcc _cBK _kFOR |
||
| 999 |
_c276038 _d276038 |
||